<?xml version="1.0" encoding="UTF-8"?><?xml-stylesheet type="text/xsl" href="static/style.xsl"?><OAI-PMH xmlns="http://www.openarchives.org/OAI/2.0/" xmlns:xsi="http://www.w3.org/2001/XMLSchema-instance" xsi:schemaLocation="http://www.openarchives.org/OAI/2.0/ http://www.openarchives.org/OAI/2.0/OAI-PMH.xsd"><responseDate>2026-04-27T12:41:09Z</responseDate><request verb="GetRecord" identifier="oai:uvadoc.uva.es:10324/83997" metadataPrefix="marc">https://uvadoc.uva.es/oai/request</request><GetRecord><record><header><identifier>oai:uvadoc.uva.es:10324/83997</identifier><datestamp>2026-04-13T19:01:54Z</datestamp><setSpec>com_10324_971</setSpec><setSpec>com_10324_931</setSpec><setSpec>com_10324_894</setSpec><setSpec>col_10324_972</setSpec></header><metadata><record xmlns="http://www.loc.gov/MARC21/slim" xmlns:doc="http://www.lyncode.com/xoai" xmlns:xsi="http://www.w3.org/2001/XMLSchema-instance" xmlns:dcterms="http://purl.org/dc/terms/" xsi:schemaLocation="http://www.loc.gov/MARC21/slim http://www.loc.gov/standards/marcxml/schema/MARC21slim.xsd">
<leader>00925njm 22002777a 4500</leader>
<datafield tag="042" ind1=" " ind2=" ">
<subfield code="a">dc</subfield>
</datafield>
<datafield tag="720" ind1=" " ind2=" ">
<subfield code="a">Obregón, Lilian Johanna</subfield>
<subfield code="e">author</subfield>
</datafield>
<datafield tag="720" ind1=" " ind2=" ">
<subfield code="a">Coca, Juan Romay</subfield>
<subfield code="e">author</subfield>
</datafield>
<datafield tag="720" ind1=" " ind2=" ">
<subfield code="a">Gómez, Nicolás Plaza</subfield>
<subfield code="e">author</subfield>
</datafield>
<datafield tag="720" ind1=" " ind2=" ">
<subfield code="a">Redondo, Susana Gómez</subfield>
<subfield code="e">author</subfield>
</datafield>
<datafield tag="260" ind1=" " ind2=" ">
<subfield code="c">2025</subfield>
</datafield>
<datafield tag="520" ind1=" " ind2=" ">
<subfield code="a">The article presents a systematic review on the socio-educational dimension of rare diseases in childhood and adolescence, a field that has been scarcely addressed compared to the predominant focus of biomedical research. The aim is to shed light on the difficulties of inclusion and learning faced by these students and to provide the basis for a transdisciplinary framework of action. To this end, the PRISMA method was applied, identifying an initial 368 documents, and after applying strict inclusion and exclusion criteria, 18 articles were selected. The studies were classified into six emergent categories: docents, family, community participation and intra- and inter-institutional coordination, school organisation and structure, barriers and facilitators, and school organisation. The main findings highlight that teachers play a crucial role in curricular adaptation; families experience significant emotional and economic burdens; school organisation and the availability of material and human resources largely determine inclusion; and community and technological supports, especially online networks, can act as facilitators of integration. The study concludes that addressing the needs of this population requires a global and coordinated approach among education, healthcare, and the community. Ultimately, the review underlines that rare diseases represent a socio-educational challenge that demands comprehensive and inclusive.</subfield>
</datafield>
<datafield tag="024" ind2=" " ind1="8">
<subfield code="a">Obregón, L. J., Coca, J. R., Gómez, N. P., &amp; Redondo, S. G. (2025). Rare diseases and socio-educational dimension: a systematic review. International Journal of Inclusive Education, 1–22. https://doi.org/10.1080/13603116.2025.2577267</subfield>
</datafield>
<datafield tag="024" ind2=" " ind1="8">
<subfield code="a">1360-3116</subfield>
</datafield>
<datafield tag="024" ind2=" " ind1="8">
<subfield code="a">https://uvadoc.uva.es/handle/10324/83997</subfield>
</datafield>
<datafield tag="024" ind2=" " ind1="8">
<subfield code="a">10.1080/13603116.2025.2577267</subfield>
</datafield>
<datafield tag="024" ind2=" " ind1="8">
<subfield code="a">1</subfield>
</datafield>
<datafield tag="024" ind2=" " ind1="8">
<subfield code="a">22</subfield>
</datafield>
<datafield tag="024" ind2=" " ind1="8">
<subfield code="a">International Journal of Inclusive Education</subfield>
</datafield>
<datafield tag="024" ind2=" " ind1="8">
<subfield code="a">1464-5173</subfield>
</datafield>
<datafield ind1=" " ind2=" " tag="653">
<subfield code="a">Educación inclusiva</subfield>
</datafield>
<datafield ind1=" " ind2=" " tag="653">
<subfield code="a">Enfermedades raras</subfield>
</datafield>
<datafield ind1=" " ind2=" " tag="653">
<subfield code="a">Atención a la diversidad</subfield>
</datafield>
<datafield ind1=" " ind2=" " tag="653">
<subfield code="a">Necesidades educativas específicas</subfield>
</datafield>
<datafield ind1=" " ind2=" " tag="653">
<subfield code="a">Inclusive education</subfield>
</datafield>
<datafield ind1=" " ind2=" " tag="653">
<subfield code="a">Rare diseases</subfield>
</datafield>
<datafield ind1=" " ind2=" " tag="653">
<subfield code="a">Diversity in education</subfield>
</datafield>
<datafield ind1=" " ind2=" " tag="653">
<subfield code="a">Special educational needs</subfield>
</datafield>
<datafield tag="245" ind1="0" ind2="0">
<subfield code="a">Rare diseases and socio-educational dimension: a systematic review</subfield>
</datafield>
</record></metadata></record></GetRecord></OAI-PMH>